| 000 | 00449nam a22001577a 4500 | ||
|---|---|---|---|
| 003 | BD-DhUL | ||
| 005 | 20170409095104.0 | ||
| 008 | 170409b xxu||||| |||| 00| 0 eng d | ||
| 040 |
_cBD-DhUL _dBD-DhUL |
||
| 082 |
_a330.954 _bBER |
||
| 245 | _aReview Of The Industrial Position And Prospects In Bengal In 1908 / | ||
| 300 |
_aiv.; _c33cm. |
||
| 500 | _aIncludecs Index And references | ||
| 651 | 0 |
_2Industrial Position _aIndia |
|
| 942 |
_2ddc _cREF |
||
| 999 |
_c172746 _d172746 |
||